15 Największych miast w Holandii - Statystyki

Ogólne statystyki
  • Ten quiz został rozwiązany 18 razy
  • Średni wynik to 7 z 15
Statystyki odpowiedzi
Populacja Miasto % Poprawnych
873.772 Amsterdam
100%
653.376 Rotterdam
100%
234.456 Eindhoven
94%
545.163 Haga
94%
232.922 Groningen
63%
357.693 Utrecht
56%
184.271 Breda
44%
219.900 Tilburg
44%
160.376 Enschede
38%
163.276 Arnhem
31%
177.698 Nijmegen
19%
211.840 Almere
13%
157.987 Amersfoort
13%
163.789 Haarlem
13%
165.136 Apeldoorn
6%
Nie znaleziono quizów pasujących do podanych kryteriów
Rozkład punktacji
Procent ludzi z każdym wynikiem
Percentyl według liczby udzielonych odpowiedzi
Twoja historia wyników
Nie rozwiązałeś tego quizu